|
|
|
|
| LEADER |
01372nam a2200313 a 4500 |
| 001 |
6866 |
| 003 |
BD-DhAAL |
| 005 |
20211129150150.0 |
| 008 |
150803s1997 pk c b 001 0deng d |
| 999 |
|
|
|c 35150
|d 35150
|
| 010 |
|
|
|a 97220329
|
| 020 |
|
|
|a 9840514067
|
| 020 |
|
|
|a 0195776976
|
| 040 |
|
|
|a CoCA
|c CoCA
|d DLC
|d BD-DhAAL
|
| 050 |
0 |
0 |
|a DS384
|b .R37 1997
|
| 082 |
0 |
0 |
|a 954.9105
|2 21
|
| 100 |
1 |
|
|a Raza, Rafi,
|d 1936-
|9 13511
|
| 245 |
1 |
0 |
|a Zulfikar Ali Bhutto and Pakistan, 1967-1977 /
|c Rafi Raza.
|
| 260 |
|
|
|a Karachi, [Pakistan] ;
|a Dhaka ;
|a New York :
|b Oxford University Press,
|b University Press,
|c c1997.
|
| 300 |
|
|
|a xv, 403 p., [8] p. of plates :
|b ports. ;
|c 23 cm.
|
| 504 |
|
|
|a Includes bibliographical references and index.
|
| 541 |
|
|
|e 6866
|
| 600 |
1 |
0 |
|a Bhutto, Zulfikar Ali,
|d 1928-1979.
|9 11138
|
| 610 |
2 |
0 |
|a Pakistan People's Party.
|9 13512
|
| 651 |
|
0 |
|a Pakistan
|x Politics and government
|y 1971-1988.
|9 13513
|
| 852 |
|
|
|c BIED Collection
|
| 942 |
|
|
|2 ddc
|c BK
|
| 952 |
|
|
|0 0
|1 0
|2 ddc
|4 0
|6 954_910500000000000_RAZ
|7 0
|9 55101
|a SCL
|b SCL
|c GEN
|d 2015-08-04
|g 368.00
|l 5
|m 6
|o 954.9105 RAZ
|p 3020006866
|r 2023-08-26
|s 2023-08-20
|t 1
|w 2015-08-04
|y BK
|
| 952 |
|
|
|0 0
|1 0
|2 ddc
|4 0
|6 954_910500000000000_RAZ
|7 0
|9 66363
|a BRACUL
|b BRACUL
|c GEN
|d 2019-09-18
|e Complimentary copy from BIED
|l 0
|o 954.9105 RAZ
|p 3010035779
|r 2019-09-18
|t 1
|w 2019-09-18
|y BK
|x Transferred from BIED to General Stacks
|